Normale Ansicht MARC-Ansicht ISBD

Arbeitswelten und Lebensräume: (Titelsatznr. 371571)

[ MARC ]
MARC-Details
000 -Satzkennung
Kontrollfeld mit fester Länge 02503cam a2200577 4500
001 - Kontrollnummer
Kontrollfeld 1761186604
003 - Kontrollnummer Identifier
Kontrollfeld DE-627
005 - Datum und Zeit der letzten Transaktion
Kontrollfeld 20220420123537.0
007 - Feld mit fester Länge zur physischen Beschreibung - Allgemeine Information
Kontrollfeld mit fester Länge tu
008 - Feld mit fester Länge zur physischen Beschreibung - Allgemeine Angaben
Kontrollfeld mit fester Länge 210623s2022 gw ||||| 00| ||ger c
015 ## - Nummer der Nationalbibliografie
Nummer der Nationalbibliografie 21,N25
Quelle dnb
016 7# - Kontrollnummer der nationalbibliografischen Agentur
Datensatzkontrollnummer 1235420531
Quelle DE-101
020 ## - Internationale Standardbuchnummer
Internationale Standardbuchnummer 9783969820094
Bezugsbedingungen : circa EUR 24.00 (DE), circa EUR 24.60 (AT)
020 ## - Internationale Standardbuchnummer
Internationale Standardbuchnummer 396982009X
024 3# - Anderer Standardidentifier
Standardnummer oder Code 9783969820094
035 ## - Systemkontrollnummer
System-Kontrollnummer (DE-627)1761186604
035 ## - Systemkontrollnummer
System-Kontrollnummer (DE-599)DNB1235420531
035 ## - Systemkontrollnummer
System-Kontrollnummer (OCoLC)1257411079
035 ## - Systemkontrollnummer
System-Kontrollnummer (DE-101)1235420531
040 ## - Katalogisierungsquelle
Original-Katalogisierungsstelle DE-627
Katalogisierungssprache ger
Übertragungsstelle DE-627
Beschreibungsfestlegungen rda
Bearbeitungsstelle DE-2950
041 ## - Sprachcode
Sprachcode des Textes/der Tonspur oder des separaten Titels ger
044 ## - Ländercode der veröffentlichenden/herstellenden Stelle
ISO-Ländercode XA-DE-BE
082 04 - Notation nach der Dewey Decimal Classification
Notation 330
Zuweisende Stelle DE-101
084 ## - Andere Notation
Notation 73.90
Quelle der Nummer bkl
084 ## - Andere Notation
Notation 15.46
Quelle der Nummer bkl
084 ## - Andere Notation
Notation 15.08
Quelle der Nummer bkl
100 1# - Haupteintragung - Personenname
Personenname Kienzle, Lorenz
Datumsangaben in Verbindung mit einem Namen 1967-
Funktionsbezeichnung VerfasserIn
IDN des Normdatensatzes oder Standardnummer (DE-588)130253782
-- (DE-627)497356538
-- (DE-576)217071066
Code für Beziehungskennzeichnung aut
245 10 - Titel
Titel Arbeitswelten und Lebensräume:
Zusatz zum Titel Brandenburger Industrielandschaften 1992–2021 /
Verfasserangabe etc. Lorenz Kienzle ; mit einem Vorwort von Enno Kaufhold und ergänzenden Fotos von Ansgar Koch.
250 ## - Ausgabebezeichnung
Ausgabebezeichnung 1. Auflage 2022
264 #1 - Produktion, Veröffentlichung, Distribution, Herstellung und Urheberrechtsvermerk
Herstellungs-, Veröffentlichungs- Vertriebs-, Erzeugungsort Berlin:
Produzent, Herausgeber, Distributor, Hersteller Verlag für Berlin-Brandenburg,
Datum der Herstellung, der Veröffentlichung, des Vertriebs oder des Urheberschutzvermerks [2022].
300 ## - Physische Beschreibung
Umfang 191 Seiten:
Maße 26.7 cm x 21 cm
336 ## - Inhaltstyp
Inhaltstypterm unbewegtes Bild
Inhaltstypcode sti
Quelle rdacontent
336 ## - Inhaltstyp
Inhaltstypterm Text
Inhaltstypcode txt
Quelle rdacontent
337 ## - Medientyp
Bezeichnung des Medientyps ohne Hilfsmittel zu benutzen
Medientypcode n
Quelle rdamedia
338 ## - Datenträgertyp
Datenträgertypbezeichnung Band
Datenträgertypcode nc
Quelle rdacarrier
500 ## - Allgemeine Fußnote
Allgemeine Fußnote Enthält zahlreiche Abbildungen
500 ## - Allgemeine Fußnote
Allgemeine Fußnote Ein Projekt im Rahmen des Themenjahres Kulturlandschaft Brandenburg "Zukunft der Vergangenheit - Industriekultur in Bewegung"
505 ## - Fußnote zu strukturierten Inhaltsangaben
Fußnote zu strukturierten Inhaltsangaben Darin enthalten: Horno und der Braunkohlentagebau Jänschwalde, Tagebau Greifenhain / Altdöbener See, Schwarze Pumpe und Brikettfabrik Louise, Stahl- und Walzwerk Brandenburg, Hutmacher in den Hutwerken Guben, Spinnerei Forst, Zahnradwerk Pritzwalk<br/>
653 ## - Indexierungsterm - Nicht normiert
Nicht-normierter Term Industriebau
653 ## - Indexierungsterm - Nicht normiert
Nicht-normierter Term Brandenburg <Land>
655 #7 - Indexierungsterm - Genre/Form
Genre/Form oder fokussierter Term Bildband
IDN des Normdatensatzes oder Standardnummer (DE-588)4145395-5
-- (DE-627)104450835
-- (DE-576)209741139
Quelle der Ansetzung oder des Terms gnd-content
951 ## - EQUIVALENCE OR CROSS-REFERENCE--GEOGRAPHIC NAME/AREA NAME [OBSOLETE] [CAN/MARC only]
Geografischer Name BO
700 1# - Nebeneintragung - Personenname
Personenname Kaufhold, Enno
Datumsangaben in Verbindung mit einem Namen 1944-
Funktionsbezeichnung VerfasserIn eines Vorworts
IDN des Normdatensatzes oder Standardnummer (DE-588)118855298
-- (DE-627)079631002
-- (DE-576)164581103
Code für Beziehungskennzeichnung wpr
700 1# - Nebeneintragung - Personenname
Personenname Koch, Ansgar
Funktionsbezeichnung MitwirkendeR
Code für Beziehungskennzeichnung ctb
710 2# - Nebeneintragung - Körperschaftsname
Körperschafts- oder Gebietskörperschaftsname als Eintragungselement Verlag für Berlin-Brandenburg
Funktionsbezeichnung Verlag
IDN des Normdatensatzes oder Standardnummer (DE-588)1065495668
-- (DE-627)816760950
-- (DE-576)425255204
Code für Beziehungskennzeichnung pbl
856 42 - Elektronische Adresse und Zugriff
URL <a href="https://d-nb.info/1235420531/04">https://d-nb.info/1235420531/04</a>
Kontaktstelle für Hilfe beim Zugriff B:DE-101
Elektronisches Format application/pdf
Zugriffszeiten 2022-03-30
Spezifische Materialangaben Inhaltsverzeichnis
936 bk - OCLC/CONSER MISCELLANEOUS DATA (OCLC); PIECE USED FOR CATALOGING (pre-AACR2) (RLIN)
OCLC control number(s) of parallel record(s) (OCLC); Piece used for cataloging, PUC (RLIN) 73.90
936 bk - OCLC/CONSER MISCELLANEOUS DATA (OCLC); PIECE USED FOR CATALOGING (pre-AACR2) (RLIN)
OCLC control number(s) of parallel record(s) (OCLC); Piece used for cataloging, PUC (RLIN) 15.46
936 bk - OCLC/CONSER MISCELLANEOUS DATA (OCLC); PIECE USED FOR CATALOGING (pre-AACR2) (RLIN)
OCLC control number(s) of parallel record(s) (OCLC); Piece used for cataloging, PUC (RLIN) 15.08
942 ## - Zusätzliche Felder (Koha)
Klassifikation oder Aufstellungssystematik Andere/Generische Klassifikation
Koha-Medientyp Bücher
Exemplare
Ausgeschieden Verloren Klassifikation oder Aufstellungssystematik Beschädigt Nicht entleihbar Heimatbibliothek Aufenthaltsbibliothek Aufstellungsort Erwerbungsdatum Lieferant Kaufpreis Anzahl Ausleihen Signatur Letzte Aktivität Exemplarnummer Preis gültig von Koha-Medientyp
    Andere/Generische Klassifikation     Stadtarchiv Frankfurt (Oder) | Archivbibliothek Stadtarchiv Frankfurt (Oder) | Archivbibliothek Magazin 20/04/2022 Hutten 23.00   III:1921 20/04/2022 194/2021 20/04/2022 Bücher